Plantilla FC Barcelona 2023/24 - Estadísticas

Estadísticas generales
  • Esta prueba ha sido intentada 487 veces
    409 desde el último reinicio
  • La puntuación promedio es 19 de 20
Estadísticas de respuestas
Imagen Respuesta % Correcto
Pedri González
100%
Pablo Gavi
99%
João Félix
97%
Marc-André ter Stegen
97%
Ronald Araujo
97%
Alejandro Balde
96%
Ferran Torres
96%
Frenkie de Jong
96%
Ilkay Gündogan
95%
João Cancelo
95%
Jules Kounde
95%
Robert Lewandowski
95%
Andreas Christensen
93%
Sergi Roberto
93%
Raphinha Dias
92%
Oriol Romeu
91%
Íñigo Martínez
89%
Marcos Alonso
88%
Iñaki Peña
87%
Vitor Roque
83%
No se encontraron pruebas coincidentes
Distribución de puntuación
Porcentaje de gente con cada puntuación
Porcentaje por número respondido
Historial de tus puntuaciones
No has intentado esta prueba desde el último reinicio